Sports Quiz

Random Sports or Auto Racing Quiz
Score 0/16 Timer 03:00
0 Plays Today
Race Best of the Rest % Correct
DetroitChristian Fittipaldi (2nd)
100%
PortlandChristian Fittipaldi (3rd)
100%
MichiganBryan Herta (2nd)
100%
Mid-OhioBryan Herta (4th)
100%
Laguna SecaBryan Herta (2nd)
100%
Rio de JaneiroAl Unser Jr. (2nd)
90%
MilwaukeeAl Unser Jr. (2nd)
90%
TorontoBobby Rahal (3rd)
90%
Race Best of the Rest % Correct
Road AmericaBobby Rahal (2nd)
90%
VancouverBobby Rahal (2nd)
90%
U.S. 500MaurĂ­cio Gugelmin (2nd)
80%
Surfers ParadiseScott Pruett (2nd)
70%
NazarethGreg Moore (2nd)
70%
ClevelandGreg Moore (3rd)
70%
Homestead-MiamiRobby Gordon (3rd)
30%
Long BeachParker Johnstone (2nd)
30%

You're not logged in!

Compare scores with friends on all Sporcle quizzes.
OR
Log In

Sporcle TV

Today on Sporcle TV


Watch our educational content, quiz creation guides, and fun videos on Sporcle TV.

Show Comments

Extras

Top Quizzes Today


Score Distribution

Paid Content

Your Account Isn't Verified!

In order to create a playlist on Sporcle, you need to verify the email address you used during registration. Go to your Sporcle Settings to finish the process.

Report this User

Report this user for behavior that violates our Community Guidelines.

Details: